00413nam a2200145 a 4500008004100000020001500041020001500056050001600071100004100087245005300128260004200181300001500223350000900238650002000247060316s1987 ||||||||||||||||| || u a0471844667 a0471844675 aPN 4121 Bed aBedrosian, Margaret McAuliffe, 1942-10aSpeak like a pro in business and public speaking aNew York :bJohn Wiley and Sonsc1987 axi, 212 p. a0.00 aPUBLIC SPEAKING